|
|
|
|
| LEADER |
00000nam a2200000Ii 4500 |
| 001 |
DIGDYK1204 |
| 003 |
NyNyDIG |
| 006 |
m o d |
| 007 |
cr ||||||||||| |
| 008 |
220822s2017 sp ob 100 0 spa d |
| 035 |
|
|
|a (OCoLC)1246574778
|
| 040 |
|
|
|a DGITA
|b eng
|e rda
|e pn
|c DGITA
|
| 020 |
|
|
|a 9788491484868
|q pdf
|
| 020 |
|
|
|z 9788491484325
|
| 041 |
0 |
|
|a spa
|a ger
|
| 043 |
|
|
|a e-gx---
|
| 050 |
1 |
4 |
|a PT31 ebook
|
| 082 |
0 |
4 |
|a 830.9
|
| 245 |
0 |
6 |
|a La(s) literatura(s) en lengua alemana y su apertura internacional =
|b Deutsche Literatur(en) und ihre internationale Entgrenzung /
|c María José Calvo, Bernd Marizzi, (editores)
|
| 246 |
3 |
|
|a Literaturas en lengua alemana y su apertura internacional
|
| 246 |
3 |
|
|a Deutsche Literaturen und ihre internationale Entgrenzung
|
| 246 |
3 |
0 |
|a Deutsche Literatur(en) und ihre internationale Entgrenzung
|
| 264 |
|
1 |
|a Madrid :
|b Editorial Dykinson, S.L.,
|c 2017.
|
| 300 |
|
|
|a 1 online resource.
|
| 336 |
|
|
|a text
|b txt
|2 rdacontent
|
| 337 |
|
|
|a computer
|b c
|2 rdamedia
|
| 338 |
|
|
|a online resource
|b cr
|2 rdacarrier
|
| 347 |
|
|
|a text file
|2 rdaft
|
| 347 |
|
|
|b PDF
|
| 490 |
1 |
|
|a Colección Clásicos Dykinson. Serie Monografías
|
| 500 |
|
|
|a "El volumen contribuye a difundir los resultados de las reflexiones y debates que tuvieron lugar en la "XIV Semana de Estudios Germánicos", celebrada del 25 al 27 de noviembre de 2015, y organizada por el Departamento de Filología Alemana de la Facultad de Filología de la Universidad Complutense"--Page 9.
|
| 504 |
|
|
|a Includes bibliographical references.
|
| 546 |
|
|
|a Text in Spanish and German.
|
| 588 |
0 |
|
|a Online resource; title from PDF title page (Digitalia, viewed August 22, 2022)
|
| 650 |
|
0 |
|a German literatura
|x History and criticism
|v Congresses.
|
| 650 |
|
0 |
|a Comparative literature
|v Congresses.
|
| 655 |
|
0 |
|a Electronic books.
|
| 700 |
1 |
|
|a Calvo, María José
|q (Calvo González),
|e editor.
|
| 700 |
1 |
|
|a Marizzi, Bernd,
|e editor.
|
| 711 |
2 |
|
|a Semana de Estudios Germánicos
|n (14th :
|d 2015 :
|c Universidad Complutense)
|
| 791 |
2 |
|
|a Digitalia (Firm),
|e distributor.
|
| 793 |
0 |
|
|g Digitalia eBook Collection:
|a Dykinson Editorial
|
| 776 |
0 |
8 |
|i Print version:
|t Literatura(s) en lengua alemana y su apertura internacional.
|d Madrid : Editorial Dykinson, S.L., [2017]
|z 9788491484325
|
| 830 |
|
0 |
|a Colección Clásicos Dykinson.
|p Serie Monografías.
|
| 856 |
4 |
0 |
|3 Digitalia Hispánica
|u https://www.digitaliapublishing.com/a/50708/
|
| 910 |
|
|
|a Premium collection: 2022
|